İçeriği atla
Hesabım
Çıkış
Giriş
Dil
English
Deutsch
Español
Français
Italiano
日本語
Nederlands
Português
Português (Brasil)
中文(简体)
中文(繁體)
Türkçe
עברית
Gaeilge
Cymraeg
Ελληνικά
Català
Euskara
Русский
Čeština
Suomi
Svenska
polski
Dansk
slovenščina
اللغة العربية
বাংলা
Galego
Tiếng Việt
Hrvatski
हिंदी
Tüm Alanlar
Materyal Adı
Yazar
Konu
Yer Numarası
ISBN/ISSN
Etiket
Ara
Gelişmiş
IMD cases 1990/1991
MARC Görünümü
Alıntıla
E-posta Gönder
Yazdır
Kaydı İhraç Et
İhraç Et RefWorks
İhraç Et EndNoteWeb
İhraç Et EndNote
İhraç Et MARC
İhraç Et MARCXML
İhraç Et RDF
İhraç Et BibTeX
İhraç Et RIS
Favorilerime ekle
IMD cases 1990/1991
Kaydedildi:
Detaylı Bibliyografya
Materyal Türü:
Kitap
Dil:
Undetermined
Baskı/Yayın Bilgisi:
Tokyo
1991
Konular:
Finance
Etiketler:
Etiketle
Etiket eklenmemiş, İlk siz ekleyin!
Thư viện lưu trữ:
Trung tâm Học liệu Trường Đại học Cần Thơ
Erişim Bilgileri
Diğer Bilgiler
Yorumlar
Benzer Materyaller
MARC Görünümü
LEADER
00359nam a2200145Ia 4500
001
CTU_97372
008
210402s9999 xx 000 0 und d
082
|a
332
082
|b
C338/1991
245
0
|a
IMD cases 1990/1991
260
|a
Tokyo
260
|c
1991
650
|a
Finance
904
|i
Tuyến
980
|a
Trung tâm Học liệu Trường Đại học Cần Thơ
Benzer Materyaller
IMD cases 1993
Baskı/Yayın Bilgisi: (1993)
IMD case & notes
Baskı/Yayın Bilgisi: (1992)
IMD cases and technical notes
Baskı/Yayın Bilgisi: (1990)
Flow of funds in Japan, 1991
Baskı/Yayın Bilgisi: (1992)
Case in finance
Yazar:: Nunnally, Bennie H.
Baskı/Yayın Bilgisi: (1997)
Yüklüyor......